Fluid mechanics through worked out problems (Record no. 2538)

000 -LEADER
fixed length control field 00578nam a22002177a 4500
001 - CONTROL NUMBER
control field 2538
003 - CONTROL NUMBER IDENTIFIER
control field BD-DhUET
008 - FIXED-LENGTH DATA ELEMENTS--GENERAL INFORMATION
fixed length control field 140924b xxu||||| |||| 00| 0 eng d
020 ## - INTERNATIONAL STANDARD BOOK NUMBER
International Standard Book Number 9843109230
040 ## - CATALOGING SOURCE
Transcribing agency 0
Modifying agency BD-DhUET
082 ## - DEWEY DECIMAL CLASSIFICATION NUMBER
Classification number 532
Item number QUA/2006
100 ## - MAIN ENTRY--PERSONAL NAME
Personal name Quamrul Islam , Md.
245 ## - TITLE STATEMENT
Title Fluid mechanics through worked out problems
250 ## - EDITION STATEMENT
Edition statement 1st ed.
260 ## - PUBLICATION, DISTRIBUTION, ETC. (IMPRINT)
Place of publication, distribution, etc. Gazipur
Name of publisher, distributor, etc. Islamic University of Technology
Date of publication, distribution, etc. 2006
300 ## - PHYSICAL DESCRIPTION
Extent xii,777 p.
504 ## - BIBLIOGRAPHY, ETC. NOTE
Bibliography, etc Includes bibliographies
650 #0 - SUBJECT ADDED ENTRY--TOPICAL TERM
Topical term or geographic name as entry element Fluid mechanics
700 ## - ADDED ENTRY--PERSONAL NAME
Personal name Mondal , Amalesh Chandra
942 ## - ADDED ENTRY ELEMENTS (KOHA)
Koha item type General Book
Holdings
Copy number Not for loan Withdrawn status Koha full call number Lost status Date acquired Damaged status Price effective from Sublocation or collection (holding branch) Source of classification or shelving scheme Koha date last seen Koha issues (times borrowed) Koha item type Piece designation (barcode) Location (home branch) Shelving location Koha date last borrowed Koha renewals Koha out on loan Koha normalized classification for sorting
1  532/QUA/2006 2014-09-24 2014-09-24Central Library, BUET 2024-08-319General Book102749Central Library, BUETCirculation section2024-08-31 2024-09-14532QUA2006
2  532/QUA/2006 2014-09-24 2014-09-24Central Library, BUET 2025-11-0916General Book102750Central Library, BUETCirculation section2025-08-10  532_000000000000000_QUA_2006
3  532/QUA/2006 2014-09-24 2014-09-24Central Library, BUET 2026-04-1215General Book102751Central Library, BUETCirculation section2026-03-301 532_000000000000000_QUA_2006
4  532/QUA/2006 2015-08-17 2015-08-17Central Library, BUET 2025-06-3024General Book102748Central Library, BUETCirculation section2025-06-30 2025-07-14532_000000000000000_QUA_2006
5  532/QUA/2006 2006-11-06 2018-04-21Central Library, BUET 2023-12-0210General Book102752Central Library, BUETCirculation section2023-12-02 2023-12-16532_000000000000000_QUA_2006